000 00557nam a2200205Ia 4500
005 20250508164355.0
008 008 250505s9999 xx 000 0 hin d
020 _a81-7119-853-8
037 _aTextual
040 _aFEDL
_beng
_cFEDL
041 _ahin
_2eng
084 _a891.443, MAH
_qFEDL
100 _aMahashweta Devi
245 0 _aJhansi ki rani
260 _aDelhi, India
_bRadha Krishna Prakashan Private Ltd.
_c2003
300 _axix,255p
365 _aINR
_b225
942 _cTEXL
_h891.443, MAH
999 _c1388815
_d1388815